00828nam a22002417a 450000500170000001000110001702000100002803500110003803700160004904000120006508200160007724500620009326000440015527000260019930000280022550000500025365000300030365000270033370000230036094200250038399900190040895201590042720170124105942.0 a456985 c00.00 a456985 bCen Lib/Ret aDPLbEN a320.07bPER aPerspective on the welfare state /cedited by S.P. Aiyar  aBombay bP.C. Manaktala and Sons c1966 aChurch Gate bBombay  axxviii, 384p.c21cm(Hb) aIncludes bibliographical references and index aPolitical science 973902 aSocial aspects 973903 aAiyer, S.P.973904 2ddccENh320.07mPER c124680d124680 04104070aLbLd2015-06-18eCen Lib/Retg0.00l0o320.07 PERp456985r2015-06-18 00:00:00t1v0.00w2015-06-18yENzW/d List No. 6889/3 ; dtd 10/09/2020